| 000 | 00596nam a2200253 a 4500 | ||
|---|---|---|---|
| 001 | nice12345678 | ||
| 003 | IN_TiNIC | ||
| 005 | 20260116013532.0 | ||
| 008 | 050524s1984 laha grp 000 0 eng | ||
| 020 |
_a _c500 |
||
| 082 | 0 | 0 |
_a954.9143 _bBAQ |
| 100 | _aBaqir, M | ||
| 245 |
_aLahore _b Past and Present |
||
| 260 |
_aLahore _bPunjab Advisory Board for Books _c1984 |
||
| 300 | _a536p | ||
| 500 | _aincludes index and biblioraphy | ||
| 505 | 2 | _aIndex | |
| 650 | _aIndia-History | ||
| 650 | _aLahore | ||
| 700 | 1 | _aBaqir, M | |
| 902 | _bSRS | ||
| 942 | _cBK | ||
| 999 |
_c11365 _d11365 |
||